| 000 | 01000cam a2200265 4500 | ||
|---|---|---|---|
| 001 | 1700936 | ||
| 005 | 19751002000000.0 | ||
| 008 | 731001r1966 enkaf b 000 0 eng | ||
| 010 | _a 67083239 | ||
| 015 | _aB67-3931 | ||
| 040 |
_aDLC _cDLC _dDLC |
||
| 050 | 0 | 0 |
_aTN690 _b.M16 1966 |
| 082 | 0 | 0 |
_a669.9 _222 _bMAC |
| 100 | 1 |
_aMackowiak, J. _96839 |
|
| 245 | 1 | 0 |
_aPhysical chemistry for metallurgists/ _c J. Mackowiak. |
| 250 |
_a1st ed. _breprinted with corrections. |
||
| 260 |
_aLondon: _bAllen & Unwin, _c1966. |
||
| 300 |
_a[14], 311 p. : _billus., plate, tables, diagrs. ; _c23 cm. |
||
| 490 | 1 | _aInstitution of Metallurgists. Modern metallurgical texts, no. 2 | |
| 504 | _aIncludes bibliographical references and index | ||
| 650 | 0 |
_aPhysical metallurgy. _96840 |
|
| 650 | 0 |
_aChemistry, Physical and theoretical. _96841 |
|
| 942 |
_2ddc _cBB |
||
| 999 |
_c12008 _d12008 |
||